00553nam a2200145Ia 4500082001200000100002000012245005300032260003300085300002100118650005900139650005000198650006600248650006700314710002600381 aTR.0122 aRoy, Ajit Kumar 0aHistorical evolution of corporation tax in India c1979bUniversity of Calcutta a521p. + C D - 52 aCORPORATION TAX//COMPANIES AND CORPORATIONS - TAXATION aCOMPANIES AND CORPORATIONS - TAXATION - INDIA aCORPORATION INCOME TAX//COMPANIES AND CORPORATIONS - TAXATION aFEDERAL CORPORATION TAX//COMPANIES AND CORPORATIONS - TAXATION aBhattacharya, Sukumar